| 000 | 00968nam a22003491i 4500 | ||
|---|---|---|---|
| 999 |
_c896 _d896 |
||
| 001 | 019755174 | ||
| 003 | UkOxU | ||
| 005 | 20191226090628.0 | ||
| 008 | 140331r20142002enk j 000 f eng|d | ||
| 015 |
_aGBB448368 _2bnb |
||
| 016 | 7 |
_a016709158 _2Uk |
|
| 020 | _a9781910002001 (pbk.) : | ||
| 035 | _a(Uk)016709158 | ||
| 040 |
_aStDuBDS _beng _erda _cStDuBDS _dUk |
||
| 042 | _aukblsr | ||
| 082 | _aFIC BRO | ||
| 100 | 1 |
_aBrooks, Kevin, _eauthor. |
|
| 245 | 1 | 0 |
_aMartyn Pig / _cKevin Brooks. |
| 264 | 1 |
_aFrome : _bChicken House, _c2014. |
|
| 300 |
_a220 pages ; _c20 cm |
||
| 336 |
_atext _2rdacontent |
||
| 337 |
_aunmediated _2rdamedia |
||
| 338 |
_avolume _2rdacarrier |
||
| 500 | _aOriginally published: 2002. | ||
| 500 |
_aFormerly CIP. _5Uk |
||
| 650 | 0 |
_aMurderers _vFiction. |
|
| 650 | 0 |
_aManslaughter _vFiction. |
|
| 650 | 0 |
_aChildren of alcoholics _vFiction. |
|
| 655 | 0 | _aThrillers (Fiction) | |
| 655 | 0 | _aYoung adult fiction. | |
| 942 |
_2ddc _cFIC |
||